[Event "FRA-chT2 Nord 0708"]
[Site "France"]
[Date "2008.03.15"]
[Round "8.7"]
[White "Gouanelle, Franck"]
[Black "Clofullia, Angelique"]
[Result "1-0"]
[WhiteElo "2131"]
[BlackElo "1976"]
[PlyCount "35"]
[EventDate "2007.10.21"]
[EventType "team"]
[EventRounds "11"]
[EventCountry "FRA"]
[SourceTitle "EXT 2009"]
[Source "ChessBase"]
[SourceDate "2008.11.26"]
[SourceVersion "1"]
[SourceVersionDate "2008.11.26"]
[SourceQuality "1"]
[WhiteTeam "Rueil Malmaison"]
[BlackTeam "Arras"]
[WhiteTeamCountry "FRA"]
[BlackTeamCountry "FRA"]

1. Nf3 d5 2. c4 c6 3. d4 Nf6 4. Nc3 dxc4 5. a4 Bf5 6. Ne5 e6 7. f3 Bb4 8. e4 Nxe4 9. fxe4 Qh4+ 10. Ke2 Bxe4 11. g3 Qh5+ 12. g4 Bd3+ 13. Kf3 Qh4 14. Nxd3 cxd3 15. Qxd3 Nd7 16. Bf4 0-0-0 17. Qc4 a5 18. Qxc6+ 1-0

[Event "FRA-chT2B 0506"]
[Site "France"]
[Date "2006.04.02"]
[Round "11.9"]
[White "Sebagh, William"]
[Black "Clofullia, Angelique"]
[Result "1/2-1/2"]
[WhiteElo "1690"]
[BlackElo "2001"]
[PlyCount "21"]
[EventDate "2005.10.27"]
[EventType "team-tourn"]
[EventRounds "11"]
[EventCountry "FRA"]
[SourceTitle "EXT 2006"]
[Source "ChessBase"]
[SourceDate "2005.11.24"]
[SourceVersion "1"]
[SourceVersionDate "2005.11.24"]
[SourceQuality "1"]
[WhiteTeam "Rosny sous Bois"]
[BlackTeam "Arras"]
[WhiteTeamCountry "FRA"]
[BlackTeamCountry "FRA"]

1. d4 d5 2. c4 c6 3. Nf3 Nf6 4. Nc3 e6 5. cxd5 exd5 6. Bg5 Qb6 7. Qc2 Be7 8. Bxf6 Bxf6 9. Nxd5 Qa5+ 10. Nc3 Na6 11. Qa4 1/2-1/2

[Event "FRA-chT2 0304"]
[Site "France"]
[Date "2004.04.03"]
[Round "10"]
[White "Baldi, Audrey Jeanne"]
[Black "Clofullia, Angelique"]
[Result "0-1"]
[WhiteElo "1880"]
[BlackElo "2031"]
[PlyCount "40"]
[EventDate "2003.10.??"]
[EventType "team"]
[EventRounds "11"]
[EventCountry "FRA"]
[SourceTitle "EXT 2005"]
[Source "ChessBase"]
[SourceDate "2004.11.15"]
[SourceVersion "1"]
[SourceVersionDate "2004.11.15"]
[SourceQuality "1"]

1. e4 c5 2. Nf3 e6 3. b3 a6 4. Bb2 Nc6 5. Be2 Nf6 6. e5 Nd5 7. 0-0 Nf4 8. d4 cxd4 9. Qd2 Ng6 10. Bxd4 Nxd4 11. Qxd4 Qc7 12. Nbd2 Bc5 13. Qg4 0-0 14. Ne4 Be7 15. Bd3 Nxe5 16. Nxe5 Qxe5 17. f4 Qd4+ 18. Kh1 f5 19. Qf3 fxe4 20. Bxe4 d5 0-1

[Event "FRA-chT2 0304"]
[Site "France"]
[Date "2003.10.12"]
[Round "1"]
[White "Allard, Sophie"]
[Black "Clofullia, Angelique"]
[Result "0-1"]
[WhiteElo "1690"]
[BlackElo "2031"]
[PlyCount "72"]
[EventDate "2003.10.??"]
[EventType "team"]
[EventRounds "11"]
[EventCountry "FRA"]
[SourceTitle "EXT 2005"]
[Source "ChessBase"]
[SourceDate "2004.11.15"]
[SourceVersion "1"]
[SourceVersionDate "2004.11.15"]
[SourceQuality "1"]

1. d4 d5 2. e3 c6 3. Bd3 Nf6 4. Nd2 Bg4 5. f3 Bh5 6. Ne2 Nbd7 7. 0-0 e5 8. c3 Bd6 9. Qe1 0-0 10. Ng3 Bg6 11. Nf5 Qb8 12. Qh4 Bxf5 13. Bxf5 g6 14. Bc2 Nh5 15. Re1 f5 16. Nf1 e4 17. f4 Rf7 18. Bd1 Ndf6 19. h3 Be7 20. Qf2 Qc8 21. Nh2 Qd8 22. Kh1 Kg7 23. g4 fxg4 24. hxg4 Nxg4 25. Nxg4 Bh4 26. Qg2 Bxe1 27. Ne5 Qh4+ 28. Kg1 Re7 29. Bxh5 Qxh5 30. b3 Bxc3 31. Ba3 Rxe5 32. fxe5 Bxa1 33. e6 Qf3 34. Qh2 Qxe3+ 35. Kf1 Qf3+ 36. Ke1 Bc3+ 0-1

[Event "FRA-chT2S 0203"]
[Site "France"]
[Date "2003.??.??"]
[Round "7.9"]
[White "Clofullia, Angelique"]
[Black "Baldi, Elise"]
[Result "1/2-1/2"]
[WhiteElo "2009"]
[BlackElo "1770"]
[PlyCount "114"]
[EventDate "2002.10.??"]
[EventType "team"]
[EventRounds "11"]
[EventCountry "FRA"]
[SourceTitle "EXT 2004"]
[Source "ChessBase"]
[SourceDate "2003.11.25"]
[SourceVersion "1"]
[SourceVersionDate "2003.11.25"]
[SourceQuality "1"]
[WhiteTeam "Arras"]
[BlackTeam "Issy les Moulineaux"]
[WhiteTeamCountry "FRA"]
[BlackTeamCountry "FRA"]

1. e4 d6 2. d4 Nf6 3. Nc3 g6 4. f3 Bg7 5. Be3 0-0 6. Nge2 e5 7. dxe5 dxe5 8. Nb5 Bd7 9. Nbc3 Nc6 10. Nc1 Ne7 11. Bc4 c6 12. 0-0 Qc7 13. Bc5 Bc8 14. Qd6 Qxd6 15. Bxd6 Re8 16. Bxe5 b5 17. Bb3 a5 18. a3 Ba6 19. N3e2 c5 20. c3 Nc6 21. Bd6 c4 22. Bc2 Rad8 23. Bf4 Ne5 24. Nd4 Nh5 25. Bxe5 Bxe5 26. Nce2 Nf4 27. Rad1 Rd6 28. g3 Nxe2+ 29. Nxe2 Rde6 30. Kg2 Bb7 31. Rd2 b4 32. axb4 axb4 33. Rfd1 bxc3 34. bxc3 Bg7 35. Kf2 Bh6 36. Rd4 f5 37. Rxc4 fxe4 38. fxe4 Rf6+ 39. Kg2 Ba6 40. Rc7 Bxe2 41. Bb3+ Kf8 42. Rdd7 Bf3+ 43. Kh3 Rxe4 44. Rf7+ Rxf7 45. Rxf7+ Ke8 46. Rxf3 Re7 47. Bd5 Kd7 48. Rf7 Rxf7 49. Bxf7 Bg7 50. c4 Ke7 51. Bd5 h5 52. c5 g5 53. c6 Be5 54. Kg2 h4 55. Kf3 hxg3 56. h3 Kf6 57. Kg4 Bc7 1/2-1/2

[Event "FRA-ch U20 Girls"]
[Site "Hyeres"]
[Date "2002.04.14"]
[Round "10.5"]
[White "Clofullia, Angelique"]
[Black "Rouillon, Magalie"]
[Result "1-0"]
[WhiteElo "2001"]
[BlackElo "1810"]
[PlyCount "77"]
[EventDate "2002.04.05"]
[EventType "match"]
[EventRounds "6"]
[EventCountry "FRA"]
[SourceTitle "EXT 2003"]
[Source "ChessBase"]
[SourceDate "2002.11.25"]
[SourceVersion "1"]
[SourceVersionDate "2002.11.25"]
[SourceQuality "1"]

1. d4 d5 2. Nf3 e6 3. Bf4 Bd6 4. Bg5 Nf6 5. e3 Nbd7 6. c4 c6 7. Nc3 0-0 8. Bd3 dxc4 9. Bxc4 c5 10. 0-0 cxd4 11. Qxd4 Qc7 12. Be2 Qc5 13. Qh4 h6 14. Bf4 Bxf4 15. Qxf4 b6 16. Rac1 Bb7 17. Rfd1 Qe7 18. Qa4 Nd5 19. Nb5 a6 20. Nbd4 b5 21. Qc2 Rac8 22. Qb1 N7b6 23. Ne5 Nd7 24. Nef3 e5 25. Nb3 e4 26. Nfd4 Nb4 27. Nd2 Bd5 28. a3 Nc6 29. Nxc6 Rxc6 30. Rxc6 Bxc6 31. Rc1 Nc5 32. h3 Rd8 33. Nf1 Bb7 34. Ng3 Nd3 35. Rd1 Qe5 36. b4 Qc3 37. Nf5 Kf8 38. Nd4 Qb2 39. Bxd3 1-0

[Event "FRA-ch U20 Girls"]
[Site "Hyeres"]
[Date "2002.04.14"]
[Round "10.2"]
[White "Rouillon, Magalie"]
[Black "Clofullia, Angelique"]
[Result "0-1"]
[WhiteElo "1810"]
[BlackElo "2001"]
[PlyCount "58"]
[EventDate "2002.04.05"]
[EventType "match"]
[EventRounds "6"]
[EventCountry "FRA"]
[SourceTitle "EXT 2003"]
[Source "ChessBase"]
[SourceDate "2002.11.25"]
[SourceVersion "1"]
[SourceVersionDate "2002.11.25"]
[SourceQuality "1"]

1. d4 d5 2. c4 c6 3. Nc3 e5 4. cxd5 cxd5 5. e3 e4 6. Qa4+ Nc6 7. Bb5 Nge7 8. b3 g6 9. Ba3 Bd7 10. b4 a6 11. Bxc6 Bxc6 12. Qb3 Qd7 13. Nge2 Bh6 14. 0-0 b5 15. Bc1 0-0 16. f3 exf3 17. Rxf3 Rae8 18. Nf4 Bxf4 19. Rxf4 Nf5 20. Ne2 Re7 21. Ng3 Nd6 22. Kf2 Nc4 23. Kf3 Rfe8 24. h3 Nxe3 25. Bxe3 Rxe3+ 26. Qxe3 Rxe3+ 27. Kxe3 Qe7+ 28. Kf3 Qxb4 29. Re1 Qxe1 0-1

[Event "FRA-ch U20 Girls"]
[Site "Hyeres"]
[Date "2002.04.14"]
[Round "10.3"]
[White "Rouillon, Magalie"]
[Black "Clofullia, Angelique"]
[Result "0-1"]
[WhiteElo "1810"]
[BlackElo "2001"]
[PlyCount "43"]
[EventDate "2002.04.05"]
[EventType "match"]
[EventRounds "6"]
[EventCountry "FRA"]
[SourceTitle "EXT 2003"]
[Source "ChessBase"]
[SourceDate "2002.11.25"]
[SourceVersion "1"]
[SourceVersionDate "2002.11.25"]
[SourceQuality "1"]

1. d4 d5 2. e3 Nf6 3. Nf3 c6 4. c4 Bg4 5. Nc3 e6 6. Bd3 Nbd7 7. 0-0 Bd6 8. cxd5 exd5 9. e4 dxe4 10. Nxe4 Nxe4 11. Bxe4 Nf6 12. Qd3 Qc7 13. h3 Bh5 14. Re1 0-0-0 15. Bf5+ Kb8 16. Bd2 Bf4 17. Bc3 Rhe8 18. Qc2 Bxf3 19. gxf3 h6 20. Qa4 Bd6 21. Be4 g6 22. d5 0-1

[Event "FRA-chT2"]
[Site "France"]
[Date "2002.02.03"]
[Round "7.9"]
[White "Baldi, Elise"]
[Black "Clofullia, Angelique"]
[Result "0-1"]
[WhiteElo "1680"]
[BlackElo "2001"]
[PlyCount "92"]
[EventDate "2002.??.??"]
[EventType "team"]
[EventRounds "11"]
[EventCountry "FRA"]
[SourceTitle "EXT 2003"]
[Source "ChessBase"]
[SourceDate "2002.11.25"]
[SourceVersion "1"]
[SourceVersionDate "2002.11.25"]
[SourceQuality "1"]

1. d4 d5 2. c4 c6 3. Nf3 Nf6 4. Nc3 dxc4 5. e3 b5 6. a4 b4 7. Na2 a5 8. Bxc4 Ba6 9. Qb3 Bxc4 10. Qxc4 e6 11. 0-0 Qb6 12. Re1 Be7 13. e4 0-0 14. Bf4 Nbd7 15. Nc1 Qb7 16. Nd3 Rac8 17. Rac1 Nb6 18. Qb3 Nfd7 19. Be3 Rfd8 20. Nfe5 Nxe5 21. Nxe5 Bf6 22. Nf3 Nd7 23. Rc2 e5 24. Rec1 exd4 25. Bxd4 Bxd4 26. Nxd4 Ne5 27. Nf5 Rd3 28. Rc3 Rcd8 29. h3 Qa7 30. Rxd3 Rxd3 31. Qc2 g6 32. Ne3 Qd4 33. Qc5 Qxb2 34. Rc2 Qa1+ 35. Rc1 Qd4 36. Qxa5 b3 37. Qa8+ Kg7 38. Qb8 Rxe3 39. a5 Rxe4 40. a6 Nd7 41. a7 Nxb8 42. axb8Q b2 43. Rb1 Re2 44. Qg3 Rc2 45. Qe3 Qxe3 46. fxe3 Rc1+ 0-1

[Event "FRA-chT2"]
[Site "France"]
[Date "2002.01.19"]
[Round "5.9"]
[White "Clofullia, Angelique"]
[Black "Parant, Pascal"]
[Result "0-1"]
[WhiteElo "2001"]
[BlackElo "1850"]
[PlyCount "74"]
[EventDate "2002.??.??"]
[EventType "team"]
[EventRounds "11"]
[EventCountry "FRA"]
[SourceTitle "EXT 2003"]
[Source "ChessBase"]
[SourceDate "2002.11.25"]
[SourceVersion "1"]
[SourceVersionDate "2002.11.25"]
[SourceQuality "1"]

1. d4 Nf6 2. Nf3 c5 3. c3 g6 4. dxc5 Bg7 5. Bf4 0-0 6. Nbd2 Na6 7. Nb3 Ne4 8. Be5 Bxe5 9. Nxe5 Naxc5 10. Nxc5 Nxc5 11. Qd4 Ne6 12. Qh4 Qa5 13. Nf3 Qb6 14. 0-0-0 f6 15. e3 Nc5 16. Bc4+ e6 17. Nd2 d5 18. Be2 a5 19. Qd4 e5 20. Qxd5+ Be6 21. Qf3 Na4 22. Nb3 Nxb2 23. Kxb2 a4 24. c4 axb3 25. axb3 Qb4 26. Qe4 Ra3 27. Qd3 Rfa8 28. Ra1 Kg7 29. Bf3 Bf5 30. e4 Be6 31. Qc2 b5 32. Be2 bxc4 33. Rxa3 Qxa3+ 34. Kc3 cxb3 35. Qd1 Rc8+ 36. Kd2 Rd8+ 37. Bd3 Bc4 0-1

[Event "Bethune op 21st"]
[Site "Bethune"]
[Date "2000.??.??"]
[Round "6"]
[White "Clofullia, Angelique"]
[Black "Meghriche, Eric"]
[Result "1/2-1/2"]
[WhiteElo "1980"]
[BlackElo "1770"]
[PlyCount "79"]
[EventDate "2000.12.26"]
[EventType "swiss"]
[EventRounds "7"]
[EventCountry "FRA"]
[SourceTitle "EXT 2003"]
[Source "ChessBase"]
[SourceDate "2002.11.25"]
[SourceVersion "1"]
[SourceVersionDate "2002.11.25"]
[SourceQuality "1"]

1. d4 Nf6 2. Nf3 d5 3. Bf4 e6 4. e3 Nbd7 5. c4 Bb4+ 6. Nc3 a6 7. Qb3 Be7 8. cxd5 Nb6 9. h3 exd5 10. Bd3 Be6 11. 0-0 0-0 12. Qc2 h6 13. Na4 Nxa4 14. Qxa4 c5 15. Rac1 b5 16. Qd1 c4 17. Bb1 Rc8 18. Ne5 Ne4 19. f3 Nd6 20. g4 Bg5 21. Qc2 f5 22. Kg2 Bxf4 23. exf4 Qf6 24. Rh1 g5 25. fxg5 hxg5 26. Rcg1 Rc7 27. Qf2 Nf7 28. Qe3 Nxe5 29. dxe5 Qg7 30. gxf5 Bxf5 31. Kf2 Be4 32. Bxe4 dxe4 33. Qxe4 Rd7 34. Qe3 Rxf3+ 35. Qxf3 Rf7 36. h4 Rxf3+ 37. Kxf3 Qf7+ 38. Ke4 Qf4+ 39. Kd5 Qf3+ 40. Kd6 1/2-1/2